[Event "Wch U18 blitz"]
[Site "Batumi"]
[Date "2023.06.11"]
[Round "9"]
[White "Karibaev, Dimash"]
[Black "Oosthuizen, Michal Jacobus"]
[Result "0-1"]
[WhiteElo "1725"]
[BlackElo "1919"]
[PlyCount "56"]
[EventDate "2023.06.10"]
[EventType "swiss (blitz)"]
[EventRounds "11"]
[EventCountry "GEO"]
[SourceTitle "EXT 2024"]
[Source "ChessBase"]
[SourceDate "2023.10.10"]
[SourceVersion "1"]
[SourceVersionDate "2023.10.10"]
[SourceQuality "1"]
[WhiteTeam "Kazakhstan"]
[BlackTeam "South Africa"]
[WhiteTeamCountry "KAZ"]
[BlackTeamCountry "RSA"]

1. e4 e6 2. d4 d5 3. Nc3 Nf6 4. exd5 exd5 5. Bg5 Be7 6. Bd3 h6 7. Bf4 0-0 8. Qd2 c5 9. dxc5 Bxc5 10. 0-0-0 Nc6 11. Nf3 a6 12. Kb1 Bb4 13. Qe3 Re8 14. Qc1 Bxc3 15. bxc3 Qb6+ 16. Qb2 Qc5 17. Rhe1 Bg4 18. h3 Bxf3 19. gxf3 Qxf2 20. Rg1 Kh8 21. Rdf1 Qc5 22. Rg2 d4 23. cxd4 Qxd4 24. Bc1 Rad8 25. Rfg1 g6 26. Bxh6 Ne5 27. Bg5 Qxb2+ 28. Kxb2 Rd6 0-1

[Event "Wch U18 blitz"]
[Site "Batumi"]
[Date "2023.06.10"]
[Round "3"]
[White "Oosthuizen, Michal Jacobus"]
[Black "Siniauski, Artsiom"]
[Result "0-1"]
[WhiteElo "1919"]
[BlackElo "2065"]
[PlyCount "108"]
[EventDate "2023.06.10"]
[EventType "swiss (blitz)"]
[EventRounds "11"]
[EventCountry "GEO"]
[SourceTitle "EXT 2024"]
[Source "ChessBase"]
[SourceDate "2023.10.10"]
[SourceVersion "1"]
[SourceVersionDate "2023.10.10"]
[SourceQuality "1"]
[WhiteTeam "South Africa"]
[BlackTeam "FIDE"]
[WhiteTeamCountry "RSA"]

1. Nf3 Nf6 2. d4 b6 3. g3 Bb7 4. Bg2 g6 5. 0-0 Bg7 6. c4 0-0 7. Nc3 Ne4 8. Bd2 c5 9. d5 Nd6 10. b3 b5 11. cxb5 a6 12. bxa6 Nxa6 13. Rc1 Nb4 14. a4 f5 15. Bf4 Ra6 16. Be5 Nf7 17. Bxg7 Kxg7 18. Nd2 Qa8 19. e4 Ne5 20. Nc4 Ned3 21. Rb1 e6 22. Nb2 Nxb2 23. Rxb2 fxe4 24. Bxe4 exd5 25. Bg2 d4 26. Bxb7 Qxb7 27. Nb5 Raf6 28. f4 g5 29. Rbf2 gxf4 30. Rxf4 Rxf4 31. Rxf4 Rxf4 32. gxf4 Qd5 33. Qg4+ Kf7 34. Qh3 Kg7 35. f5 d3 36. Qg3+ Kf6 37. Qh4+ Ke5 38. Qg3+ Kxf5 39. Nd6+ Kf6 40. Qf4+ Ke6 41. Ne4 Qd4+ 42. Kg2 Qe5 43. Ng5+ Kd5 44. Qf7+ Kc6 45. Nf3 Qe2+ 46. Kg3 d2 47. Qf6+ d6 48. Nxd2 Qxd2 49. Qf3+ Nd5 50. Kh3 Qg5 51. a5 Kb5 52. Qe2+ Kxa5 53. Qa2+ Kb6 54. Qa4 Nf4+ 0-1

[Event "RSA-chT Regions"]
[Site "Boksburg"]
[Date "2020.01.10"]
[Round "3.4"]
[White "Oosthuizen, Michal Jacobus"]
[Black "Lefyedi, Thatego"]
[Result "1-0"]
[WhiteElo "1824"]
[BlackElo "1378"]
[PlyCount "89"]
[EventDate "2020.01.09"]
[EventType "team-swiss"]
[EventRounds "7"]
[EventCountry "RSA"]
[SourceTitle "CBM 194 Extra"]
[Source "ChessBase"]
[SourceDate "2020.03.31"]
[SourceVersion "1"]
[SourceVersionDate "2020.03.31"]
[SourceQuality "1"]
[WhiteTeam "GTP Juniors"]
[BlackTeam "Johannesburg Black Bishops"]
[WhiteTeamCountry "RSA"]
[BlackTeamCountry "RSA"]

1. c4 e6 2. g3 Nf6 3. Bg2 d5 4. Nf3 Be7 5. 0-0 0-0 6. d4 Nbd7 7. Bf4 b6 8. Nc3 a6 9. Ne5 Bb7 10. cxd5 exd5 11. Qa4 b5 12. Qb3 c6 13. Rfd1 Nb6 14. Rac1 Rc8 15. Bh3 Ra8 16. Qc2 Qe8 17. b3 Ba3 18. Rb1 Bb4 19. e3 Nbd7 20. Nd3 Bxc3 21. Qxc3 Ne4 22. Qc2 g5 23. Bc7 Rc8 24. Ba5 f5 25. Qe2 g4 26. Bg2 Rf6 27. Nf4 h5 28. Bxe4 fxe4 29. Bb4 Rh6 30. Rbc1 Nf8 31. Bxf8 Qxf8 32. Rc5 Qg7 33. a4 Kf7 34. axb5 axb5 35. Ra1 Rch8 36. Nxd5 Ke8 37. Nf4 h4 38. Re5+ Kd7 39. Ra7 Kc8 40. Ne6 Qg8 41. Nc5 R8h7 42. Qa2 hxg3 43. Ra8+ Kc7 44. Qa5+ Kd6 45. Rd8+ 1-0

[Event "RSA-chT Regions"]
[Site "Boksburg"]
[Date "2020.01.09"]
[Round "2.4"]
[White "Du Plessis, Jan"]
[Black "Oosthuizen, Michal Jacobus"]
[Result "0-1"]
[WhiteElo "1652"]
[BlackElo "1824"]
[PlyCount "114"]
[EventDate "2020.01.09"]
[EventType "team-swiss"]
[EventRounds "7"]
[EventCountry "RSA"]
[SourceTitle "CBM 194 Extra"]
[Source "ChessBase"]
[SourceDate "2020.03.31"]
[SourceVersion "1"]
[SourceVersionDate "2020.03.31"]
[SourceQuality "1"]
[WhiteTeam "Ekurhuleni Patzer Smashers"]
[BlackTeam "GTP Juniors"]
[WhiteTeamCountry "RSA"]
[BlackTeamCountry "RSA"]

1. e4 c5 2. Nc3 e6 3. f4 Nc6 4. Nf3 a6 5. d3 Nge7 6. Be2 d6 7. 0-0 b5 8. a3 Nd4 9. Nxd4 cxd4 10. Nb1 g6 11. c4 bxc4 12. dxc4 Bg7 13. Bd3 a5 14. b3 0-0 15. Bb2 Rb8 16. Nd2 Qb6 17. Rb1 f5 18. Kh1 e5 19. fxe5 dxe5 20. Bc1 Bb7 21. b4 axb4 22. axb4 Bh6 23. c5 Qc7 24. Qc2 fxe4 25. Rxf8+ Rxf8 26. Bxe4 Nd5 27. Qc4 Qf7 28. Nf3 Nc3 29. Qxf7+ Rxf7 30. Bxh6 Bxe4 31. Re1 Rf5 32. Bd2 Bxf3 33. gxf3 Nb5 34. Kg2 Kf7 35. Ra1 Ke6 36. Ra5 Nc7 37. Ra7 Rf7 38. c6 Nd5 39. Rxf7 Kxf7 40. b5 Ke7 41. Bc1 Kd6 42. Ba3+ Kc7 43. Bc5 Nc3 44. f4 Nxb5 45. fxe5 Kxc6 46. Bb4 Kd5 47. Kf3 Kxe5 48. Bd2 Kd5 49. h4 h5 50. Kf4 Nd6 51. Be1 Ne4 52. Kf3 d3 53. Kf4 d2 54. Bxd2 Nxd2 55. Kg5 Ne4+ 56. Kxg6 Ng3 57. Kg5 Ke4 0-1

[Event "RSA-ch U20"]
[Site "Cape Town"]
[Date "2019.12.10"]
[Round "6"]
[White "Oosthuizen, Michal Jacobus"]
[Black "Mhango, Banele"]
[Result "1-0"]
[WhiteElo "1792"]
[BlackElo "1997"]
[PlyCount "65"]
[EventDate "2019.12.07"]
[EventType "tourn"]
[EventRounds "11"]
[EventCountry "RSA"]
[SourceTitle "CBM 193 Extra"]
[Source "ChessBase"]
[SourceDate "2020.01.31"]
[SourceVersion "1"]
[SourceVersionDate "2020.01.31"]
[SourceQuality "1"]

1. c4 g6 2. g3 Bg7 3. Bg2 Nf6 4. Nc3 0-0 5. d3 d6 6. Rb1 c6 7. b4 d5 8. cxd5 cxd5 9. Nf3 b6 10. 0-0 Bb7 11. Bb2 Re8 12. Ne5 Nbd7 13. d4 a6 14. Rc1 e6 15. Qb3 Nxe5 16. dxe5 Ng4 17. Rfd1 b5 18. h3 Nxe5 19. e4 Nc4 20. exd5 exd5 21. Ba1 Nb6 22. Nxd5 Bxd5 23. Bxd5 Nxd5 24. Bxg7 Kxg7 25. Qf3 Qe7 26. Rxd5 Qxb4 27. Rd7 Re1+ 28. Kh2 Rxc1 29. Qxf7+ Kh6 30. Qxh7+ Kg5 31. h4+ Kf5 32. Qf7+ Ke5 33. Qd5+ 1-0

[Event "Sandton SWVG blitz op"]
[Site "Sandton"]
[Date "2019.05.19"]
[Round "10"]
[White "Steyn, Hans"]
[Black "Oosthuizen, Michal Jacobus"]
[Result "0-1"]
[WhiteElo "1886"]
[BlackElo "1589"]
[PlyCount "26"]
[EventDate "2019.05.19"]
[EventType "swiss (blitz)"]
[EventRounds "10"]
[EventCountry "RSA"]
[SourceTitle "CBM 190 Extra"]
[Source "ChessBase"]
[SourceDate "2019.07.15"]
[SourceVersion "1"]
[SourceVersionDate "2019.07.15"]
[SourceQuality "1"]

1. Nf3 Nf6 2. c4 e6 3. g3 c6 4. Bg2 d5 5. b3 Nbd7 6. 0-0 b6 7. Bb2 Ba6 8. d3 Be7 9. Nbd2 0-0 10. Qc2 Rc8 11. e4 dxe4 12. dxe4 Nc5 13. e5 Ne8 0-1

[Event "Sandton SWVG rapid op"]
[Site "Sandton"]
[Date "2019.05.18"]
[Round "5"]
[White "Mwale, Joseph"]
[Black "Oosthuizen, Michal Jacobus"]
[Result "1-0"]
[WhiteElo "2071"]
[BlackElo "1512"]
[PlyCount "59"]
[EventDate "2019.05.18"]
[EventType "swiss (rapid)"]
[EventRounds "10"]
[EventCountry "RSA"]
[SourceTitle "CBM 190 Extra"]
[Source "ChessBase"]
[SourceDate "2019.07.15"]
[SourceVersion "1"]
[SourceVersionDate "2019.07.15"]
[SourceQuality "1"]

1. d4 Nf6 2. c4 e6 3. g3 c6 4. Bg2 d5 5. Nf3 b6 6. Nc3 Ba6 7. Ne5 Bd6 8. Qa4 Bxe5 9. dxe5 Nfd7 10. cxd5 cxd5 11. Nxd5 0-0 12. Nc3 Nc5 13. Qg4 Nbd7 14. Bh6 g6 15. Rd1 Re8 16. Bxa8 Qxa8 17. 0-0 Nxe5 18. Qf4 Ncd7 19. Ne4 Bxe2 20. Rxd7 Nf3+ 21. Kh1 Ng5 22. Bxg5 f5 23. Re1 Bb5 24. Rc7 e5 25. Qh4 h5 26. Bh6 fxe4 27. Rg7+ Kh8 28. Qf6 e3+ 29. Rb7+ Kg8 30. Qg7# 1-0

[Event "RSA Inter Regional-ch"]
[Site "Boksburg"]
[Date "2018.01.10"]
[Round "3.2"]
[White "Oosthuizen, Michal Jacobus"]
[Black "Mhango, Banele"]
[Result "1/2-1/2"]
[WhiteElo "1498"]
[BlackElo "1722"]
[PlyCount "53"]
[EventDate "2018.01.09"]
[EventType "team-swiss"]
[EventRounds "7"]
[EventCountry "RSA"]
[SourceTitle "CBM 189 Extra"]
[Source "ChessBase"]
[SourceDate "2019.06.03"]
[SourceVersion "1"]
[SourceVersionDate "2019.06.03"]
[SourceQuality "1"]
[WhiteTeam "Tshwane Chess"]
[BlackTeam "Ekurhuleni III"]
[WhiteTeamCountry "RSA"]
[BlackTeamCountry "RSA"]

1. d4 Nf6 2. Bf4 g6 3. e3 Bg7 4. Nf3 d5 5. Bd3 Nh5 6. Bg5 h6 7. Bh4 c5 8. c3 cxd4 9. cxd4 Nc6 10. Nc3 g5 11. Nd2 Nf6 12. Bg3 0-0 13. h3 Re8 14. Nf3 a6 15. a3 b5 16. b4 e6 17. 0-0 Nd7 18. Rc1 Bb7 19. Nd2 Nb6 20. Nb3 Nc4 21. Bxc4 bxc4 22. Nc5 Bc8 23. Re1 f5 24. b5 axb5 25. Nxb5 Re7 26. Rb1 Rf7 27. Qh5 1/2-1/2

[Event "Africa-ch U12"]
[Site "Cairo"]
[Date "2017.12.04"]
[Round "2.6"]
[White "Fahmi, Adham"]
[Black "Oosthuizen, Michal Jacobus"]
[Result "0-1"]
[WhiteElo "1510"]
[BlackElo "1417"]
[PlyCount "62"]
[EventDate "2017.12.03"]
[EventType "swiss"]
[EventRounds "9"]
[EventCountry "EGY"]
[SourceTitle "EXT 2024"]
[Source "ChessBase"]
[SourceDate "2023.10.10"]
[SourceVersion "1"]
[SourceVersionDate "2023.10.10"]
[SourceQuality "1"]

1. f4 d5 2. e3 Nf6 3. b3 Bf5 4. Bb2 e6 5. Nf3 Nbd7 6. Be2 c5 7. 0-0 Qc7 8. d3 Rd8 9. h4 Ng4 10. Ng5 Nxe3 11. Qc1 Nxf1 12. Qxf1 f6 13. Nf3 Qxf4 14. Qe1 Qb4 15. Bc3 Qf4 16. Na3 h6 17. d4 cxd4 18. Nxd4 Bc5 19. Rd1 e5 20. Bf3 0-0 21. Kf1 exd4 22. Bb2 d3 23. Qc3 d4 24. Qa5 Bxa3 25. Bxa3 dxc2 26. Rxd4 Qe3 27. Bxb7 Rfe8 28. Qb4 c1Q+ 29. Bxc1 Qxc1+ 30. Kf2 Qe3+ 31. Kf1 Bd3+ 0-1

[Event "RSA-ch U12"]
[Site "Gauteng"]
[Date "2017.04.09"]
[Round "8"]
[White "Mostert, Gert"]
[Black "Oosthuizen, Michal Jacobus"]
[Result "0-1"]
[WhiteElo "1370"]
[BlackElo "1416"]
[PlyCount "36"]
[EventDate "2017.04.05"]
[EventType "swiss"]
[EventRounds "11"]
[EventCountry "RSA"]
[SourceTitle "CBM 177 Extra"]
[Source "ChessBase"]
[SourceDate "2017.04.27"]
[SourceVersion "1"]
[SourceVersionDate "2017.04.27"]
[SourceQuality "1"]

1. e4 d6 2. Nc3 Nf6 3. f4 Nbd7 4. Nf3 e5 5. Bc4 Be7 6. d3 c6 7. a4 a5 8. 0-0 0-0 9. Kh1 Qc7 10. Qe2 Nc5 11. Be3 Ne6 12. f5 Nc5 13. Qf2 Ng4 14. Qe2 Nxe3 15. Qxe3 Qb6 16. Qd2 Qb4 17. Rfe1 Bf6 18. g4 g6 0-1

[Event "Wch U12"]
[Site "Batumi"]
[Date "2016.10.22"]
[Round "4"]
[White "Oosthuizen, Michal Jacobus"]
[Black "Lu, Jia En"]
[Result "1-0"]
[WhiteElo "1329"]
[BlackElo "1411"]
[PlyCount "33"]
[EventDate "2016.10.19"]
[EventType "swiss"]
[EventRounds "11"]
[EventCountry "GEO"]
[SourceTitle "EXT 2018"]
[Source "ChessBase"]
[SourceDate "2017.10.13"]
[SourceVersion "1"]
[SourceVersionDate "2017.10.13"]
[SourceQuality "1"]

1. d4 d5 2. Bf4 e6 3. Nf3 Nf6 4. e3 c6 5. Bd3 Bd6 6. Ne5 Qc7 7. Nd2 Nbd7 8. Ndf3 Nh5 9. Nxf7 Kxf7 10. Ng5+ Ke7 11. Bxd6+ Qxd6 12. Qxh5 Nf6 13. Qf7+ Kd8 14. Qxg7 Qf8 15. Qxh8 Qxh8 16. Nf7+ Ke7 17. Nxh8 1-0

[Event "Wch U12"]
[Site "Batumi"]
[Date "2016.10.19"]
[Round "1"]
[White "Cardoso Cardoso, Jose Gabriel"]
[Black "Oosthuizen, Michal Jacobus"]
[Result "1-0"]
[WhiteElo "1930"]
[BlackElo "1329"]
[PlyCount "53"]
[EventDate "2016.10.19"]
[EventType "swiss"]
[EventRounds "11"]
[EventCountry "GEO"]
[SourceTitle "EXT 2018"]
[Source "ChessBase"]
[SourceDate "2017.10.13"]
[SourceVersion "1"]
[SourceVersionDate "2017.10.13"]
[SourceQuality "1"]

1. d4 e6 2. c4 Nf6 3. Nc3 d5 4. cxd5 Nxd5 5. e4 Nxc3 6. bxc3 c5 7. Nf3 cxd4 8. cxd4 Bb4+ 9. Bd2 Bxd2+ 10. Qxd2 0-0 11. Be2 Nd7 12. 0-0 b6 13. Rfe1 Bb7 14. Bd3 Qe7 15. Rad1 Rfd8 16. Qf4 Nf6 17. Bb1 Qb4 18. Re3 Rac8 19. Rb3 Qa4 20. e5 Bxf3 21. exf6 Qxb3 22. axb3 Bxd1 23. Qg5 Kf8 24. Qxg7+ Ke8 25. Bd3 Bh5 26. Bb5+ Rd7 27. Qg8# 1-0

[Event "Johannesburg Redpath op"]
[Site "Johannesburg"]
[Date "2016.07.17"]
[Round "9"]
[White "Oosthuizen, Michal Jacobus"]
[Black "Odendaal, Ruben Lourens"]
[Result "1/2-1/2"]
[WhiteElo "1357"]
[BlackElo "1300"]
[PlyCount "21"]
[EventDate "2016.07.13"]
[EventType "swiss"]
[EventRounds "9"]
[EventCountry "RSA"]
[SourceTitle "CBM 173 Extra"]
[Source "ChessBase"]
[SourceDate "2016.08.29"]
[SourceVersion "1"]
[SourceVersionDate "2016.08.29"]
[SourceQuality "1"]

1. d4 d5 2. Bf4 Nf6 3. e3 e6 4. Nf3 Be7 5. c3 0-0 6. Bd3 c5 7. Nbd2 Nc6 8. 0-0 Qb6 9. Qb1 Bd7 10. Ne5 h6 11. Ndf3 1/2-1/2

[Event "RSA-ch U12"]
[Site "Bloemfontein"]
[Date "2016.03.21"]
[Round "3"]
[White "Schoombie, Vian"]
[Black "Oosthuizen, Michal Jacobus"]
[Result "1/2-1/2"]
[WhiteElo "1204"]
[BlackElo "1337"]
[PlyCount "42"]
[EventDate "2016.03.20"]
[EventType "swiss"]
[EventRounds "11"]
[EventCountry "RSA"]
[SourceTitle "CBM 171 Extra"]
[Source "ChessBase"]
[SourceDate "2016.04.26"]
[SourceVersion "1"]
[SourceVersionDate "2016.04.26"]
[SourceQuality "1"]

1. e4 c6 2. d4 d5 3. e5 Bf5 4. Nf3 e6 5. Be3 Nd7 6. Bd3 Bg6 7. 0-0 Ne7 8. Na3 Nf5 9. Bxf5 Bxf5 10. Qc1 Bxa3 11. bxa3 Nb6 12. Re1 Nc4 13. Rb1 Rb8 14. a4 Qa5 15. Rb3 Qxa4 16. a3 Nxe3 17. fxe3 0-0 18. Qb2 b6 19. Rc3 Rfc8 20. Rc5 b5 21. Rxb5 Rxb5 1/2-1/2